| 000 | 00376nam a2200145Ia 4500 | ||
|---|---|---|---|
| 008 | 230917s9999||||xx |||||||||||||| ||und|| | ||
| 040 |
_e292 _aMAIN |
||
| 041 | _aEnglish | ||
| 082 | _a668.4236 F491P | ||
| 100 | _aFinch, C A, ed. | ||
| 245 | 0 | _aPolyuinal alcohol: Properties and applications | |
| 260 |
_aLondon _bJohn Wiley _c1973 |
||
| 300 | _axviii, 622 p. | ||
| 942 | _cBK | ||
| 999 |
_c200828 _d200828 |
||